000 00512nam a2200205Ia 4500
003 OSt
005 20230419152850.0
008 210423s2011 xx 000 0 und d
020 _a9788180941221
040 _cAL
041 _aeng
082 _a658
_223
_bSOUS
100 _aSOUNDAIAN (S).
_990668
245 _aNew dimensions of management.
260 _aChennai
_bMJP Publishers
_c2011
300 _axviii,473
_bPB
365 _b1350
_cINR
906 _adimensions ; management. ; New
942 _2ddc
_cBK
999 _c160762
_d160762